000 00414nam a22001697a 4500
005 20160531094107.0
008 160531b xxu||||| |||| 00| 0 eng d
020 _a81-259-1308-4
041 _aeng
082 _b6219
100 _aKumar, S Ramesh
_91395
245 _aManaging Indian Brands
260 _aNew Delhi
_bVikas Publishing House (P) Ltd.
300 _a346
650 _aManagement
_9241
942 _cBK
999 _c2204
_d2203